| 000 | 00553cam a2200145Ki 4500 | ||
|---|---|---|---|
| 082 | 0 | 4 |
_a922.9754 _bGRA _cL-27, P-23 |
| 100 | 1 |
_aGraham, George Farquhar Irving, _946137 |
|
| 245 | 1 | 4 |
_aThe life and work of Sir Syed Ahmed Khan _cby G.F.I. Graham ; with a new introd. by Zaituna Y. Umer. |
| 260 |
_aCalcutta : _bThacker, Spink & Co., _c1909. |
||
| 300 |
_a1 online resource (296 p.) : _bport. |
||
| 526 |
_a0 _b0 _c0 _d922_975400000000000_GRA |
||
| 650 |
_aMCE _9379 |
||
| 856 | 4 | 0 | _uhttp://catalog.hathitrust.org/api/volumes/oclc/3362676.html |
| 942 |
_2ddc _cBK |
||
| 999 |
_c549480 _d549480 |
||